Psicología y pedagogía
Na minha lista:
| Autor principal: | |
|---|---|
| Formato: | Livro |
| Idioma: | espanhol |
| Publicado em: |
Barcelona
Ariel
1977
|
| Edição: | 6a. ed |
| Colecção: | Ariel Quincenal
|
| Assuntos: | |
| Tags: |
Adicionar Tag
Sem tags, seja o primeiro a adicionar uma tag!
|
MARC
| LEADER | 00000nam a2200000 a 4500 | ||
|---|---|---|---|
| 001 | UCZ0729 | ||
| 003 | CL-VaPUC | ||
| 008 | 950809e19770400SP |||||||||||||||||spa|d | ||
| 082 | 0 | 4 | |a 370.15 |b PIA |2 21 |
| 100 | 0 | |a Piaget, Jean |e author |9 308149 | |
| 245 | 1 | 0 | |a Psicología y pedagogía |
| 250 | |a 6a. ed | ||
| 300 | |a 208 p | ||
| 942 | |c BK | ||
| 945 | |d 19950809 00:00:00 |a cmena | ||
| 260 | |a Barcelona |b Ariel |c 1977 | ||
| 650 | 0 | |a Psicología educacional |9 307830 | |
| 650 | 0 | |a Psicología del desarrollo |9 307541 | |
| 650 | 0 | |a Innovaciones pedagógicas |9 307471 | |
| 650 | 0 | |a Métodos de enseñanza |9 270413 | |
| 650 | 0 | |a Formación profesional de profesores |9 307493 | |
| 650 | 0 | |a Historia de la educación |9 257642 | |
| 583 | |a last modification |c 20170925 04:32:39 |k Rodrigo Vera | ||
| 490 | 0 | |a Ariel Quincenal | |
| 999 | |c 237637 |d 237635 | ||
| 952 | |0 0 |1 0 |4 0 |6 370_150000000000000_PIA_1977 |7 0 |8 P |9 247083 |a BIBEDU |b BIBEDU |c BIBEDU_PB |d 2019-11-18 |i 1552732 |o 370.15 PIA 1977 |p 1552732 |r 2024-01-25 |w 2019-11-18 |y BK |k EDU | ||